Hardest European Languages (My Opinion) - Statistics

General Stats
  • This quiz has been taken 677 times
  • The average score is 7 of 10
Answer Stats
Lp Language % Correct
4. Finnish
88%
6. Polish
84%
1. Hungarian
81%
5. Estonian
77%
8. Latvian
69%
9. Lithuanian
69%
2. Icelandic
63%
7. Albanian
62%
10. French
62%
3. Maltese
43%
No matching quizzes found
Score Distribution
Percent of People with Each Score
Percentile by Number Answered
Your Score History
You have not taken this quiz